| 000 | 00901cam a22002531i 4500 | ||
|---|---|---|---|
| 003 | SA-RiAUC | ||
| 005 | 20250911052658.0 | ||
| 008 | 250911s2000 sy g d 00010 ara c | ||
| 040 |
_aSA-AhKFU _bara _cSA-RiAUC _erda |
||
| 041 | 1 |
_aara _aeng |
|
| 082 | 0 | 4 |
_a251.03 _qSA-RiAUC |
| 090 |
_a251.03 _bس ا ن |
||
| 100 | 1 |
_aسانو، قطب مصطفى، _d1966- _eمؤلف. |
|
| 245 | 1 | 0 |
_aمعجم مصطلحات أصول الفقه : _bعربي-إنجليزي / _cقطب مصطفى سانو. |
| 250 | _aالطبعة الأولى. | ||
| 264 | 1 |
_aدمشق : _bدار الفكر، _c2000. |
|
| 300 |
_a479 صفحة ؛ _c25 سم |
||
| 336 |
_aنص _btxt _2rdacontent _3كتاب |
||
| 337 |
_aبدون وسيط _bn _2rdamedia |
||
| 338 |
_aمجلد _bnc _2rdacarrier |
||
| 650 | 7 |
_aأصول الفقه الإسلامي _vمعاجم _2aucsh |
|
| 942 |
_2ddc _cBOOK |
||
| 949 |
_aSA-JeALM _d250911 _ukhaled123 _n1 |
||
| 999 |
_c11600 _d11600 |
||